Basic economics : (Record no. 14848)
[ view plain ]
| 000 -LEADER | |
|---|---|
| fixed length control field | 00651nam a2200205 a 4500 |
| 003 - CONTROL NUMBER IDENTIFIER | |
| control field | PILC |
| 005 - DATE AND TIME OF LATEST TRANSACTION | |
| control field | 20150112093444.0 |
| 008 - FIXED-LENGTH DATA ELEMENTS--GENERAL INFORMATION | |
| fixed length control field | 100726s19uu xx 00 eng d |
| 050 ## - LIBRARY OF CONGRESS CALL NUMBER | |
| Classification number | HB 171.5 |
| Item number | .Q6 2001 |
| 082 ## - DEWEY DECIMAL CLASSIFICATION NUMBER | |
| Classification number | SFf 330 |
| Item number | Q4 2001 |
| 100 ## - MAIN ENTRY--PERSONAL NAME | |
| Personal name | Quijano, Jodylyn M. |
| 9 (RLIN) | 21473 |
| 245 ## - TITLE STATEMENT | |
| Title | Basic economics : |
| Remainder of title | with taxation and agrarian reform / |
| Statement of responsibility, etc | Jodylyn M. Quijano and Jovie F. Bonifacio |
| 260 ## - PUBLICATION, DISTRIBUTION, ETC. (IMPRINT) | |
| Place of publication, distribution, etc | Manila, Philippines : |
| Name of publisher, distributor, etc | Kriss V Printhaus, |
| Date of publication, distribution, etc | 2001. |
| 300 ## - PHYSICAL DESCRIPTION | |
| Extent | 213 pages : |
| Dimensions | 22 cm. |
| 650 ## - SUBJECT ADDED ENTRY--TOPICAL TERM | |
| Topical term or geographic name as entry element | Economics |
| 9 (RLIN) | 7586 |
| 650 ## - SUBJECT ADDED ENTRY--TOPICAL TERM | |
| Topical term or geographic name as entry element | Taxation |
| 9 (RLIN) | 9743 |
| 650 ## - SUBJECT ADDED ENTRY--TOPICAL TERM | |
| Topical term or geographic name as entry element | Agrarian reform |
| 9 (RLIN) | 21474 |
| 700 ## - ADDED ENTRY--PERSONAL NAME | |
| Personal name | Bonifacio, Jovie F. |
| 9 (RLIN) | 21475 |
| 942 ## - ADDED ENTRY ELEMENTS (KOHA) | |
| Source of classification or shelving scheme | Library of Congress Classification |
| Koha item type | Books |
| Withdrawn status | Lost status | Source of classification or shelving scheme | Damaged status | Home library | Current library | Shelving location | Date acquired | Total Checkouts | Full call number | Barcode | Date last seen | Copy number | Price effective from | Koha item type |
|---|---|---|---|---|---|---|---|---|---|---|---|---|---|---|
| Library of Congress Classification | Southville International School Affiliated with Foreign Universities Library | Southville International School Affiliated with Foreign Universities Library | Southville Foreign University Section | 09/24/2013 | HB 171.5 .Q6 2001 | SFU1313 | 05/15/2018 | 1 | 09/24/2013 | Books |